Ethnographic writing research: writing it down, writing it up, and reading it

Guardat en:
Dades bibliogràfiques
Autor principal: Bishop, Wendy (Autor)
Format: Llibre
Idioma:anglès
Publicat: Portsmouth Boynton-Cook 1999
Matèries:
Etiquetes: Afegir etiqueta
Sense etiquetes, Sigues el primer a etiquetar aquest registre!

MARC

LEADER 00000nam a2200000 a 4500
001 UCI6259
003 CL-VaPUC
008 080425e19990000uk |||||||||||||||||eng|d
020 |a 0867094869 
082 0 4 |a 305.8  |b BIS  |2 21 
100 0 |a Bishop, Wendy  |e author  |9 529010 
245 1 0 |a Ethnographic writing research: writing it down, writing it up, and reading it 
300 |a 274 p 
942 |c BK 
945 |d 20080425 00:00:00  |a jtorresc 
260 |a Portsmouth  |b Boynton-Cook  |c 1999 
650 0 |a Etnología   |9 258726 
650 7 |a INVESTIGACIONES  |2 CL-VaPUC  |9 261211 
583 |a last modification  |c 20130724 05:21:39  |k Rodrigo Vera 
999 |c 329787  |d 329785 
952 |0 0  |1 0  |4 0  |6 305_800000000000000_BIS_1999  |7 0  |8 A  |9 414862  |a FDOPOS  |b FDOPOS  |d 2019-11-22  |i 4432746  |o 305.8 BIS 1999  |p 4432746  |r 2023-08-09  |w 2019-11-22  |y BK  |k MLA